Southville International School and Colleges
Your cart is empty.
  • Cart
  • Lists
    Public lists Eva Luna New books Lux_list list_1
    Your lists Log in to create your own lists
  • Log in to your account
  • Your cookies
  • Search history
Southville International School and Colleges
  • Advanced search
  • Recent comments
  • Most popular
  • Libraries

Log in to your account

Log in with GOOGLE


If you do not have an external account, but do have a local account, you can still log in:

  1. Home
  2. MARC view: Confessions of an event planner :
Normal view MARC view ISBD view

Confessions of an event planner : (Record no. 24936)

[ view plain ]
MARC details
000 -LEADER
fixed length control field 00658nam a2200193 a 4500
003 - CONTROL NUMBER IDENTIFIER
control field PILC
005 - DATE AND TIME OF LATEST TRANSACTION
control field 20160229125600.0
008 - FIXED-LENGTH DATA ELEMENTS--GENERAL INFORMATION
fixed length control field 111013s19uu xx 00 eng d
020 ## - INTERNATIONAL STANDARD BOOK NUMBER
International Standard Book Number 9780470160183
050 ## - LIBRARY OF CONGRESS CALL NUMBER
Classification number GT 3405
Item number .Al452 2009
100 ## - MAIN ENTRY--PERSONAL NAME
Personal name Allen, Judy.
245 ## - TITLE STATEMENT
Title Confessions of an event planner :
Remainder of title case studies from the real world of events-how to handle the unexpected and how to be a master of discretion /
Statement of responsibility, etc Judy Allen.
260 ## - PUBLICATION, DISTRIBUTION, ETC. (IMPRINT)
Place of publication, distribution, etc Canada :
Name of publisher, distributor, etc Wiley - John Wiley & Sons,
Date of publication, distribution, etc 2009.
300 ## - PHYSICAL DESCRIPTION
Extent 261 pages ;
Dimensions 23 cm.
650 ## - SUBJECT ADDED ENTRY--TOPICAL TERM
Topical term or geographic name as entry element Special events
General subdivision Planning.
650 ## - SUBJECT ADDED ENTRY--TOPICAL TERM
Topical term or geographic name as entry element Special events
General subdivision Industry.
942 ## - ADDED ENTRY ELEMENTS (KOHA)
Koha item type Books
Source of classification or shelving scheme Library of Congress Classification
Call number prefix Foreign
Holdings
Withdrawn status Lost status Source of classification or shelving scheme Damaged status Home library Current library Shelving location Date acquired Source of acquisition Total Checkouts Full call number Barcode Date last seen Copy number Price effective from Koha item type
    Library of Congress Classification   College Library College Library General Circulation Section 10/13/2011 Library Fund   GT 3405 .Al452 2009 C13730 05/15/2018 1 10/18/2013 Books

Confessions of an event planner :

APA

Allen J., . (2009). Confessions of an event planner. Canada: Wiley - John Wiley & Sons.

Chicago

Allen Judy, . 2009. Confessions of an event planner. Canada: Wiley - John Wiley & Sons.

Harvard

Allen J., . (2009). Confessions of an event planner. Canada: Wiley - John Wiley & Sons.

MLA

Allen Judy, . Confessions of an event planner. Canada: Wiley - John Wiley & Sons. 2009.

  • Place hold
  • Print
  • Cite
  • Add to your cart (remove)
  • Save record
    BIBTEX Dublin Core MARCXML MARC (non-Unicode/MARC-8) MARC (Unicode/UTF-8) MARC (Unicode/UTF-8, Standard) MODS (XML) RIS
  • More searches
    Search for this title in:
    Other Libraries (WorldCat) Other Databases (Google Scholar) Online Stores (Bookfinder.com) Open Library (openlibrary.org)

Exporting to Dublin Core...

SOUTHVILLE LIBRARY

Southville International School and Colleges Library

1281 Tropical Ave. Cor. Luxembourg St., BF Homes International, Las Pinas City

Tel. No. 8256374 / 252358 Loc. 117/146

Powered by Koha